| 000 | 00366nam a22001457a 4500 | ||
|---|---|---|---|
| 082 |
_a158 _bCLA/R |
||
| 100 | _aCLASON, GEORGE S | ||
| 245 | _aBABILONILE ATHISAMBANNAN | ||
| 246 |
_aBABILONILE ATHISAMBANNAN _bBABILONILE ATHISAMBANNAN |
||
| 260 |
_aINDIA _bRED ROSE |
||
| 300 | _a174 | ||
| 520 | _aMOTIVATIONAL | ||
| 650 | _aMALAYALAM MOTIVATIONAL BOOK | ||
| 942 | _cBK | ||
| 999 |
_c8765 _d8765 |
||